| 000 | 00913nam a2200265Ia 4500 | ||
|---|---|---|---|
| 003 | OSt | ||
| 005 | 20220923211534.0 | ||
| 006 | a|||||r|||| 00| 0 | ||
| 007 | ta | ||
| 008 | Pun | ||
| 020 |
_a9789382455059 (pbk) _c200 |
||
| 024 | _a284,418 | ||
| 037 |
_b923, 20/03/2015, H.K. Prakashan _cTextual |
||
| 040 |
_aARTS _cARTS _bPun |
||
| 041 |
_2Pun _aPun |
||
| 082 | _aO153v, P6.11 | ||
| 100 |
_aਵਰਮਾ, ਸਤੀF ਕੁਮਾਰ _9158165 |
||
| 245 | 0 | _aਪੰਜਾਬੀ ਨਾਟਕ ਦਾ ਇਤਿਹਾਸ | |
| 260 |
_aਦਿੱਲੀ _b ਪੰਜਾਬੀ ਅਕਾਦਮੀ _c2004 |
||
| 300 |
_a240ਪੰ _ccm. |
||
| 490 | _aਪੰਜਾਬੀ ਸਾਹਿਤ ਦਾ ਇਤਿਹਾਸ | ||
| 650 | _aਪੰਜਾਬੀ ਸਾਹਿਤ | ||
| 942 |
_hO153v, P6.11 _cTEXL _2CC |
||
| 999 |
_c300580 _d300580 |
||